Stati con gli Edifici più alti - Europa - Statistics

Statistiche generali
  • Questo quiz è stato fatto 20 volte
  • Il punteggio medio è 3 su 10
Statistiche sulle risposte
Edificio Altezza (m) Città % Corretto
The Shard 309,6 Regno Unito
100%
Lachta-centr 462 Russia
100%
Varso 310 Polonia
93%
Torre della Federazione 373,7 Colombia
7%
OKO Tower 354,2 Colombia
7%
Neva Towers 2 345 Colombia
7%
Mercury City Tower 338,8 Colombia
7%
Eurasia 308,9 Colombia
7%
Neva Towers 1 302 Colombia
7%
Città delle Capitali 301,8 Colombia
7%
Nessun quiz corrispondente trovato
Distribuzione punteggi
Percentuale di utenti per punteggio
Percentile per numero di risposta
I tuoi punteggi nel tempo
Non hai fatto questo quiz